Millennium stocks
| Main Author: | Dorf, Richard C |
|---|---|
| Published: |
Boca Raton:
St. Lucie Press,
2000.
|
| Subjects: |
| LEADER | 00552cam a2200181 7i4500 | ||
|---|---|---|---|
| 001 | 0000005827 | ||
| 005 | 20090626090000.0 | ||
| 020 | |a 9781574442502 | ||
| 020 | |a 1574442503 (hbk.) | ||
| 090 | 0 | 0 | |a HG4661 |b .D67 2000 |
| 100 | 1 | |a Dorf, Richard C | |
| 245 | 1 | 0 | |a Millennium stocks |c Richard C. Dorf. |
| 260 | |a Boca Raton: |b St. Lucie Press, |c 2000. | ||
| 300 | |a xiii, 239 p.: |b ill.; |c 26 cm. | ||
| 504 | |a Includes bibliographical references and index | ||
| 650 | 0 | 0 | |a Stocks |
| 650 | 0 | 0 | |a Investments |
| 999 | |a 0000010203 |b BOK |c OPEN SHELF |e 1st Floor, Bestari Jaya | ||


